<?xml version="1.0" encoding="UTF-8"?>
<record
    xmlns:xsi="http://www.w3.org/2001/XMLSchema-instance"
    xsi:schemaLocation="http://www.loc.gov/MARC21/slim http://www.loc.gov/standards/marcxml/schema/MARC21slim.xsd"
    xmlns="http://www.loc.gov/MARC21/slim">

  <leader>04963    a2200241   4500</leader>
  <controlfield tag="001">3730</controlfield>
  <controlfield tag="005">20260407155429.0</controlfield>
  <controlfield tag="008">260407a2005    arg                 spa d</controlfield>
  <controlfield tag="003">AR-UNSa-BCEJYS</controlfield>
  <datafield tag="040" ind1=" " ind2=" ">
    <subfield code="a">AR-UNSa-BCEJYS</subfield>
    <subfield code="b">spa</subfield>
    <subfield code="c">AR-UNSa-BCEJYS</subfield>
  </datafield>
  <datafield tag="080" ind1=" " ind2=" ">
    <subfield code="a">351.74</subfield>
    <subfield code="x">Polic&#xED;a. Cumplimiento de la ley </subfield>
  </datafield>
  <datafield tag="245" ind1="1" ind2="0">
    <subfield code="a">Servicio p&#xFA;blico, policia y fomento</subfield>
  </datafield>
  <datafield tag="020" ind1=" " ind2=" ">
    <subfield code="a">987-20261-5-7</subfield>
  </datafield>
  <datafield tag="250" ind1=" " ind2=" ">
    <subfield code="a">2a. ed.</subfield>
  </datafield>
  <datafield tag="264" ind1=" " ind2="1">
    <subfield code="a">Buenos Aires :</subfield>
    <subfield code="b">Ediciones Rap</subfield>
    <subfield code="c">2005</subfield>
  </datafield>
  <datafield tag="300" ind1=" " ind2=" ">
    <subfield code="a">887 p.</subfield>
    <subfield code="c">24 cm.</subfield>
  </datafield>
  <datafield tag="505" ind1=" " ind2=" ">
    <subfield code="a">1. El derecho administrativo como r&#xE9;gimen exorbitante en el servicio p&#xFA;blico / Julio R. Comadira - 2. Los principios generales de la intervenci&#xF3;n p&#xFA;blica: la regulaci&#xF3;n, la polic&#xED;a, el fomento y el servicio p&#xFA;blico / Rodolfo C. Barra - 3. Competencia y regulaci&#xF3;n econ&#xF3;mica -lineamientos para una introducci&#xF3;n jur&#xED;dica a su estudio / Oscar R. Aguilar Valdez - 4. R&#xE9;gimen jur&#xED;dico de la actividad de polic&#xED;a / Fabi&#xE1;n O. Canda - 5. Los entes reguladores / Alberto B. Bianchi - 6. Servicio p&#xFA;blico, polic&#xED;a y fomento en diversos ordenamientos y en C&#xF3;rdoba / Domingo J. Sesin - 7. El concepto de servicio p&#xFA;blico en el Derecho argentino actual / H&#xE9;ctor Mairal - 8. Polic&#xED;a y Poder de Polic&#xED;a / Agust&#xED;n Gordillo - 9. Servicio p&#xFA;blico y emergencia / Jorge L. Salomoni - 10. Panorama actual de las telecomunicaciones / H&#xE9;ctor Huici - 11. Lineamientos del r&#xE9;gimen jur&#xED;dico de la industria del gas / Horacio Ahumada - 12. Competencia para la regulaci&#xF3;n de los servicios p&#xFA;blicos / Alejandro P&#xE9;rez Hualde - 12. Situaci&#xF3;n jur&#xED;dica del usuario del servicio p&#xFA;blico.Participaci&#xF3;n en el control.La tutela administrativa y jurisccional / Jorge I. Muratorio - 13. L&#xED;mites constitucionales al ejercicio del Poder de Polic&#xED;a / Alfredo S. Gusman - 14. Poder de polic&#xED;a y polic&#xED;a del trabajo / Guillermo L. Comadira - 15. Polic&#xED;a de emergencia / Martha Zilli de Miranda - 16. La figura del fomento: necesidad de encarar una revisi&#xF3;n conceptual / Ignacio M. De la Riva - 17. El monopolio como dato esencial del servicio p&#xFA;blico / Jorge Albertsen - 18. Servicios p&#xFA;blicos y arbitraje / Andrea Gualde - 19. El servicio p&#xFA;blico, la polic&#xED;a y el fomento en la Ciudad Aut&#xF3;noma de Buenos Aires / Juan O. Gauna - 20. La huelga en los servicios p&#xFA;blicos / Jorge R. Vanossi - 21. Defensa de los derechos e intereses de incidencia colectiva en materia / Mar&#xED;a Jeanneret de P&#xE9;rez Cort&#xE9;s - 22. El impacto de la integraci&#xF3;n regional en los servicios p&#xFA;blicos / Alberto M. Sanch&#xE9;z - 23. Poder de Polic&#xED;a Ambiental / Carlos Botassi - 24. Lineamientos del r&#xE9;gimen jur&#xED;dico del agua potable y saneamiento / Ismael Mata - 25. Lineamientos para la sanci&#xF3;n de un marco regulatorio del transporte terrestre / Armando N. Canosa - 26. Lineamientos del r&#xE9;gimen jur&#xED;dico de la electricidad / M&#xE1;ximo J. Fonrouge - 27. Polic&#xED;a de las profesiones liberales / Pedro J. J. Coviello - 28. Reg&#xED;menes de promoci&#xF3;n econ&#xF3;mica / Jos&#xE9; A. Lapierre - 29. La responsabilidad del Estado por los actos, hechos y omisiones de las empresas prestadoras de obras y servicios p&#xFA;blicos / Laura M. Monti - 30. La responsabilidad patrimonial de los entes reguladores por incumplimiento de las funciones de vigilancia / Pablo E. Perrino - 31. Servicio P&#xFA;blico, Polic&#xED;a y Fomento en la jurisprudencia de la Suprema Corte de Mendoza / Javier Urrutigoity - 32. Competencia nacional, provincial y municipal en materia de Poder de Polic&#xED;a / Mar&#xED;a Angelica Gelli - 33. Acerca de las formas de la actividad administrativa en la Provincia de Buenos Aires (Polic&#xED;a, Servicio P&#xFA;blico, Fomento y otras) / Daniel F. Soria - 34. R&#xE9;gimen del compre trabajo argentino / Silvia Testoni - 35. El fomento como forma de la intervenci&#xF3;n administrativa: A la promoci&#xF3;n industrial en la jurisprudencia de la Procuraci&#xF3;n del Tesoro de la Naci&#xF3;n / Mar&#xED;a J. Rodr&#xED;guez - 36. El Poder de Polic&#xED;a financiero y bancario / Eduardo Mertehikian - 37. Poder de Policia: bases para su control judicial / Patricio M.E. Sammartino - 38. Problem&#xE1;tica del Derecho urban&#xED;stico actual / Alejandro Uslenghi - 39. Sanciones de polic&#xED;a - la distinci&#xF3;n entre los conceptos de delito y faltas y contravenciones y la potestad sancionatoria de la Administraci&#xF3;n / Fernando Garc&#xED;a Pull&#xE9;s - 40. Sobre el control judicial de los entes reguladores de los servicios p&#xFA;blicos / Carlos F. Balb&#xED;n - 41. Naturaleza jur&#xED;dica de las tarifas. Sistemas Tarifarios / Estela B. Sacrist&#xE1;n - 42. Control judicial sobre las tarifas en los servicios p&#xFA;blicos / Miriam M. Ivanega - 43. Clausura / Juan Carlos Cassagne - 44. Cierre Jornadas / Jorge L. Salomoni</subfield>
  </datafield>
  <datafield tag="942" ind1=" " ind2=" ">
    <subfield code="c">BK</subfield>
  </datafield>
  <datafield tag="590" ind1=" " ind2=" ">
    <subfield code="a">niveau_biblio:m niveau_hierar:0</subfield>
  </datafield>
  <datafield tag="100" ind1="1" ind2=" ">
    <subfield code="a">Jornadas sobre servicio p&#xFA;blico, pol&#xED;cia y fomento (2003 : Buenos Aires)</subfield>
  </datafield>
  <datafield tag="700" ind1="1" ind2=" ">
    <subfield code="a">Universidad Austral. Facultad de Derecho</subfield>
  </datafield>
  <datafield tag="856" ind1="4" ind2="1">
    <subfield code="u">https://biblioeco.unsa.edu.ar/pmb/images/libros/Servicio publico, policia y fomento-l118344.jpg</subfield>
    <subfield code="y">Imagen de portada</subfield>
    <subfield code="q">image/jpeg</subfield>
  </datafield>
  <datafield tag="999" ind1=" " ind2=" ">
    <subfield code="c">343</subfield>
    <subfield code="d">343</subfield>
  </datafield>
  <datafield tag="952" ind1=" " ind2=" ">
    <subfield code="0">0</subfield>
    <subfield code="1">0</subfield>
    <subfield code="4">0</subfield>
    <subfield code="7">0</subfield>
    <subfield code="a">BCEJYS</subfield>
    <subfield code="b">BCEJYS</subfield>
    <subfield code="c">16</subfield>
    <subfield code="d">2026-04-07</subfield>
    <subfield code="l">0</subfield>
    <subfield code="o">351.74 J82</subfield>
    <subfield code="p">L118344</subfield>
    <subfield code="r">2026-04-07 15:54:29</subfield>
    <subfield code="w">2026-04-07</subfield>
    <subfield code="y">L</subfield>
  </datafield>
</record>
